[Event "SUI-chT"]
[Site "Switzerland"]
[Date "2023.06.25"]
[Round "5.6"]
[White "Patuzzo, Fabrizio"]
[Black "Maeser, Fabian"]
[Result "1-0"]
[WhiteElo "2295"]
[BlackElo "2284"]
[PlyCount "69"]
[EventDate "2023.04.16"]
[EventType "team-tourn"]
[EventRounds "9"]
[EventCountry "SUI"]
[SourceTitle "EXT 2024"]
[Source "ChessBase"]
[SourceDate "2023.10.10"]
[SourceVersion "1"]
[SourceVersionDate "2023.10.10"]
[SourceQuality "1"]
[WhiteTeam "Mendrisio"]
[BlackTeam "Wollishofen"]
[WhiteTeamCountry "SUI"]
[BlackTeamCountry "SUI"]

1. c4 e6 2. Nf3 d5 3. g3 Nf6 4. d4 Be7 5. Bg2 0-0 6. 0-0 c6 7. Qc2 b6 8. Nbd2 Bb7 9. e4 Na6 10. Rd1 Qc7 11. h4 c5 12. cxd5 exd5 13. e5 Nb4 14. Qc3 Ne4 15. Nxe4 dxe4 16. Ng5 Rac8 17. dxc5 Nd5 18. Qc4 Bxg5 19. Bxg5 h6 20. Bxh6 gxh6 21. Qxe4 Qxc5 22. b4 Qc3 23. Qg4+ Kh8 24. Qd7 Ba8 25. Qd6 f6 26. Rac1 Qxc1 27. Rxc1 Rxc1+ 28. Kh2 Rcc8 29. Bxd5 Rcd8 30. Qe7 Bxd5 31. exf6 Rg8 32. Qxa7 Bf3 33. Qa3 Be4 34. Qe3 Bh7 35. f7 1-0

[Event "SUI-chT"]
[Site "Switzerland"]
[Date "2018.09.09"]
[Round "7.6"]
[White "Maeser, Fabian"]
[Black "Riff, Vincent"]
[Result "0-1"]
[WhiteElo "2310"]
[BlackElo "2378"]
[PlyCount "80"]
[EventDate "2018.03.25"]
[EventType "team-tourn"]
[EventRounds "9"]
[EventCountry "SUI"]
[SourceTitle "EXT 2019"]
[Source "ChessBase"]
[SourceDate "2018.10.10"]
[SourceVersion "1"]
[SourceVersionDate "2018.10.10"]
[SourceQuality "1"]
[WhiteTeam "Wollishofen"]
[BlackTeam "Luzern"]
[WhiteTeamCountry "SUI"]
[BlackTeamCountry "SUI"]

1. Nf3 Nf6 2. c4 d6 3. d4 g6 4. Nc3 Bg7 5. e3 0-0 6. Be2 b6 7. 0-0 Bb7 8. Qc2 Nbd7 9. e4 c5 10. d5 a6 11. a4 e5 12. Ne1 Ne8 13. Nd3 Bc8 14. b4 f5 15. Rb1 Nef6 16. exf5 gxf5 17. bxc5 Nxc5 18. Nxc5 bxc5 19. Bd2 Nd7 20. f4 exf4 21. Bxf4 Ne5 22. Bd3 Qf6 23. Ne2 Bd7 24. a5 Rab8 25. h3 Rb4 26. Bd2 Ba4 27. Qc3 Qe7 28. Qa3 Nxc4 29. Bxc4 Rxc4 30. Nf4 Rd4 31. Rbe1 Qh4 32. Bc1 Bb5 33. Ne6 Rd3 34. Qa2 Bc4 35. Qf2 Qxf2+ 36. Rxf2 Bc3 37. Nxf8 Bxe1 38. Rxf5 Rd1 39. Kh2 Rxc1 40. Ne6 h6 0-1

[Event "SUI-chT"]
[Site "Switzerland"]
[Date "2013.09.07"]
[Round "6.6"]
[White "Friedrich, Norbert"]
[Black "Maeser, Fabian"]
[Result "1/2-1/2"]
[WhiteElo "2312"]
[BlackElo "2319"]
[PlyCount "122"]
[EventDate "2013.03.17"]
[EventType "team-tourn"]
[EventRounds "9"]
[EventCountry "SUI"]
[SourceTitle "EXT 2014"]
[Source "ChessBase"]
[SourceDate "2013.11.20"]
[SourceVersion "1"]
[SourceVersionDate "2013.11.20"]
[SourceQuality "1"]
[WhiteTeam "Zuerich"]
[BlackTeam "Wollishofen"]
[WhiteTeamCountry "SUI"]
[BlackTeamCountry "SUI"]

1. e4 e5 2. Nf3 Nc6 3. Nc3 Nf6 4. d4 exd4 5. Nxd4 Bb4 6. Nxc6 bxc6 7. Bd3 d5 8. exd5 cxd5 9. 0-0 0-0 10. Bg5 c6 11. Qf3 Bd6 12. Rae1 Rb8 13. Nd1 h6 14. Bxf6 Qxf6 15. Qxf6 gxf6 16. b3 Be6 17. Ne3 Bb4 18. Re2 Rfe8 19. g4 d4 20. Nf5 Bxf5 21. Rxe8+ Rxe8 22. Bxf5 c5 23. Bd3 Kf8 24. Kg2 Re5 25. f4 Re3 26. Rf3 Bd2 27. Rxe3 dxe3 28. Kf3 Ke7 29. Ke4 Kd6 30. Bc4 Bc1 31. h3 Bd2 32. Kf5 Ke7 33. Be2 Bc1 34. h4 Bd2 35. h5 Bc1 36. g5 fxg5 37. fxg5 hxg5 38. Kxg5 Bb2 39. Kf4 Bd4 40. Kf5 Kd6 41. Bc4 Ke7 42. Bd3 Kd6 43. h6 Bc3 44. Ke4 Bd4 45. b4 f5+ 46. Kxf5 cxb4 47. Ke4 Kc5 48. Ba6 e2 49. Bxe2 a5 50. Bb5 Bc3 51. Ba4 Bd2 52. h7 Bc3 53. Kf5 Kd6 54. Kg6 Ke7 55. Bb5 Kf8 56. Kf5 Kg7 57. Ke6 Bd2 58. Bd3 a4 59. Kd5 a3 60. Kc4 Bc3 61. Kb3 Kh8 1/2-1/2

[Event "SUI-chT"]
[Site "Switzerland"]
[Date "2013.04.28"]
[Round "2.8"]
[White "Botta, Gabriele"]
[Black "Maeser, Fabian"]
[Result "1/2-1/2"]
[WhiteElo "2311"]
[BlackElo "2316"]
[PlyCount "85"]
[EventDate "2013.03.17"]
[EventType "team-tourn"]
[EventRounds "9"]
[EventCountry "SUI"]
[SourceTitle "EXT 2014"]
[Source "ChessBase"]
[SourceDate "2013.11.20"]
[SourceVersion "1"]
[SourceVersionDate "2013.11.20"]
[SourceQuality "1"]
[WhiteTeam "Luzern"]
[BlackTeam "Wollishofen"]
[WhiteTeamCountry "SUI"]
[BlackTeamCountry "SUI"]

1. e4 e5 2. Nf3 Nc6 3. Bb5 a6 4. Ba4 Nf6 5. 0-0 Be7 6. Re1 b5 7. Bb3 d6 8. c3 0-0 9. d3 Nb8 10. Nbd2 Nbd7 11. Nf1 Bb7 12. Ng3 Nc5 13. Bc2 Re8 14. d4 Ncd7 15. Nf5 Bf8 16. d5 Qb8 17. b3 c6 18. c4 cxd5 19. cxd5 Rc8 20. Bd2 a5 21. Rc1 b4 22. Bd3 Rxc1 23. Bxc1 Nc5 24. Bg5 Qd8 25. Bh4 g6 26. Ng3 Be7 27. Bc4 Nfd7 28. Bxe7 Qxe7 29. Qd2 Nf8 30. h4 h5 31. Ng5 Nh7 32. Nf3 Bc8 33. Nf1 Bg4 34. N1h2 Bd7 35. g3 Kg7 36. Nf1 Bg4 37. N3h2 Bd7 38. Qe3 Nf6 39. Nd2 Rb8 40. Qg5 Qe8 41. Qe3 Qe7 42. Qg5 Qe8 43. Qe3 1/2-1/2

[Event "SUI-chT"]
[Site "Switzerland"]
[Date "2012.10.21"]
[Round "9.8"]
[White "Nuri, Kambez"]
[Black "Maeser, Fabian"]
[Result "1/2-1/2"]
[WhiteElo "2275"]
[BlackElo "2289"]
[PlyCount "56"]
[EventDate "2012.03.18"]
[EventType "team-tourn"]
[EventRounds "9"]
[EventCountry "SUI"]
[SourceTitle "EXT 2013"]
[Source "ChessBase"]
[SourceDate "2012.11.22"]
[SourceVersion "1"]
[SourceVersionDate "2012.11.22"]
[SourceQuality "1"]
[WhiteTeam "Winterthur"]
[BlackTeam "Wollishofen"]
[WhiteTeamCountry "SUI"]
[BlackTeamCountry "SUI"]

1. e4 e5 2. Nf3 Nc6 3. d4 exd4 4. Nxd4 Nf6 5. Nc3 Bb4 6. Nxc6 bxc6 7. Bd3 d5 8. exd5 cxd5 9. 0-0 0-0 10. h3 Be6 11. Qf3 Rb8 12. a3 Be7 13. Rd1 a5 14. Nb5 c5 15. Bf4 Rb7 16. a4 Rd7 17. c3 Re8 18. Be5 Ne4 19. Qe2 Nf6 20. Qd2 h6 21. Qf4 Nh5 22. Qh2 Nf6 23. Nc7 Rf8 24. Bb5 Rd6 25. Nxe6 Rxe6 26. Bc7 Bd6 27. Bxd6 Rxd6 28. Rd3 Re6 1/2-1/2

[Event "SUI-chT"]
[Site "Switzerland"]
[Date "2012.06.03"]
[Round "4.7"]
[White "Maeser, Fabian"]
[Black "Mikic, Nicola"]
[Result "1/2-1/2"]
[WhiteElo "2289"]
[BlackElo "2079"]
[PlyCount "46"]
[EventDate "2012.03.18"]
[EventType "team-tourn"]
[EventRounds "9"]
[EventCountry "SUI"]
[SourceTitle "EXT 2013"]
[Source "ChessBase"]
[SourceDate "2012.11.22"]
[SourceVersion "1"]
[SourceVersionDate "2012.11.22"]
[SourceQuality "1"]
[WhiteTeam "Wollishofen"]
[BlackTeam "Neuchatel"]
[WhiteTeamCountry "SUI"]
[BlackTeamCountry "SUI"]

1. c4 e6 2. g3 d5 3. Bg2 dxc4 4. Na3 c5 5. Nxc4 Qc7 6. Nf3 b5 7. Ne3 Bb7 8. 0-0 Nd7 9. a4 a6 10. axb5 axb5 11. Rxa8+ Bxa8 12. d4 Ngf6 13. dxc5 Bxc5 14. Nd4 Bxg2 15. Nxg2 Qb7 16. Qd3 b4 17. Nb3 Be7 18. Bf4 Nd5 19. Na5 Qa8 20. Qb5 0-0 21. Qxd7 Qxa5 22. Rc1 Qa6 23. e4 Nxf4 1/2-1/2

[Event "SUI-chT"]
[Site "Switzerland"]
[Date "2012.04.29"]
[Round "3.8"]
[White "Friedrich, Norbert"]
[Black "Maeser, Fabian"]
[Result "0-1"]
[WhiteElo "2323"]
[BlackElo "2289"]
[PlyCount "72"]
[EventDate "2012.03.18"]
[EventType "team-tourn"]
[EventRounds "9"]
[EventCountry "SUI"]
[SourceTitle "EXT 2013"]
[Source "ChessBase"]
[SourceDate "2012.11.22"]
[SourceVersion "1"]
[SourceVersionDate "2012.11.22"]
[SourceQuality "1"]
[WhiteTeam "Zuerich"]
[BlackTeam "Wollishofen"]
[WhiteTeamCountry "SUI"]
[BlackTeamCountry "SUI"]

1. e4 e5 2. Nf3 Nc6 3. Bc4 Bc5 4. c3 Nf6 5. d3 d6 6. Bb3 a6 7. h3 Ba7 8. Nbd2 0-0 9. Nf1 d5 10. Qe2 d4 11. Ng3 b5 12. 0-0 Qd6 13. Bg5 h6 14. Bxf6 Qxf6 15. Rac1 dxc3 16. Rxc3 Na5 17. Rxc7 Nxb3 18. axb3 Bb6 19. Rc3 Bd7 20. Rfc1 b4 21. R3c2 Rfd8 22. Nd2 a5 23. Nc4 Bd4 24. Ra1 Qf4 25. Nf1 a4 26. bxa4 Bxa4 27. Rcc1 Ra6 28. Nfd2 Rda8 29. Rf1 Rg6 30. Qf3 Qh4 31. Kh1 Raa6 32. Qf5 Bd7 33. Qxd7 Rxa1 34. Qe8+ Kh7 35. Qxf7 Rxf1+ 36. Nxf1 Rf6 0-1

[Event "SUI-chT"]
[Site "Switzerland"]
[Date "2012.04.15"]
[Round "2.6"]
[White "Maeser, Fabian"]
[Black "Gerber, Richard"]
[Result "1/2-1/2"]
[WhiteElo "2271"]
[BlackElo "2412"]
[PlyCount "84"]
[EventDate "2012.03.18"]
[EventType "team-tourn"]
[EventRounds "9"]
[EventCountry "SUI"]
[SourceTitle "EXT 2013"]
[Source "ChessBase"]
[SourceDate "2012.11.22"]
[SourceVersion "1"]
[SourceVersionDate "2012.11.22"]
[SourceQuality "1"]
[WhiteTeam "Wollishofen"]
[BlackTeam "Geneve"]
[WhiteTeamCountry "SUI"]
[BlackTeamCountry "SUI"]

1. c4 g6 2. g3 Bg7 3. Bg2 d6 4. Nc3 Nf6 5. e4 c5 6. Nge2 Nc6 7. 0-0 0-0 8. d3 Bg4 9. f3 Bd7 10. Be3 a6 11. a4 Rc8 12. Qd2 Ne8 13. Bh6 Nc7 14. Bxg7 Kxg7 15. d4 cxd4 16. Nxd4 Ne6 17. Nxe6+ Bxe6 18. Nd5 Bxd5 19. cxd5 Qb6+ 20. Qf2 Qxf2+ 21. Rxf2 Nb4 22. a5 Rc5 23. Rd2 b6 24. axb6 Rb8 25. Bf1 Rxb6 26. Kf2 a5 27. Be2 Nc2 28. Ra2 f5 29. b3 Nb4 30. Ra1 Rb8 31. Bc4 Rf8 32. Ke3 g5 33. Rg2 Kf6 34. Kd4 fxe4 35. fxe4 Kg6 36. e5 Rf3 37. exd6 exd6 38. Re1 Rxd5+ 39. Bxd5 Rd3+ 40. Kc4 Rxd5 41. Ree2 Rc5+ 42. Kd4 Nc6+ 1/2-1/2

[Event "SUI-chT"]
[Site "Switzerland"]
[Date "2011.10.22"]
[Round "8.8"]
[White "Maeser, Fabian"]
[Black "Schaerer, Julian"]
[Result "1/2-1/2"]
[WhiteElo "2289"]
[BlackElo "2121"]
[PlyCount "61"]
[EventDate "2011.02.27"]
[EventType "team-tourn"]
[EventRounds "9"]
[EventCountry "SUI"]
[SourceTitle "EXT 2012"]
[Source "ChessBase"]
[SourceDate "2011.11.24"]
[SourceVersion "1"]
[SourceVersionDate "2011.11.24"]
[SourceQuality "1"]
[WhiteTeam "Wollishofen"]
[BlackTeam "Winterthur"]
[WhiteTeamCountry "SUI"]
[BlackTeamCountry "SUI"]

1. c4 Nf6 2. g3 c6 3. Nf3 d5 4. Bg2 g6 5. b3 Bg7 6. Bb2 0-0 7. 0-0 Bg4 8. d3 Bxf3 9. Bxf3 e6 10. Nd2 Nbd7 11. d4 Qe7 12. Bg2 Rfd8 13. e3 Rac8 14. Qe2 a6 15. Rfd1 c5 16. dxc5 Nxc5 17. Rac1 dxc4 18. Nxc4 Rxd1+ 19. Rxd1 Nfe4 20. Bxg7 Kxg7 21. Qb2+ f6 22. Rd4 Ng5 23. Nd6 Rc7 24. h4 Nf7 25. Nxf7 Kxf7 26. Qd2 Nd7 27. h5 Ne5 28. hxg6+ hxg6 29. Qd1 Kg7 30. Qd2 Kf7 31. Be4 1/2-1/2

[Event "SUI-chT"]
[Site "Switzerland"]
[Date "2010.08.29"]
[Round "7.5"]
[White "Vuilleumier, Alexandre"]
[Black "Maeser, Fabian"]
[Result "1/2-1/2"]
[WhiteElo "2332"]
[BlackElo "2307"]
[PlyCount "111"]
[EventDate "2010.02.14"]
[EventType "team-tourn"]
[EventRounds "9"]
[EventCountry "SUI"]
[SourceTitle "EXT 2011"]
[Source "ChessBase"]
[SourceDate "2010.11.26"]
[SourceVersion "1"]
[SourceVersionDate "2010.11.26"]
[SourceQuality "1"]
[WhiteTeam "Geneve"]
[BlackTeam "Wollishofen"]
[WhiteTeamCountry "SUI"]
[BlackTeamCountry "SUI"]

1. e4 d6 2. d4 Nf6 3. Nc3 Nbd7 4. Nf3 e5 5. g3 Be7 6. Bg2 0-0 7. 0-0 c6 8. a4 b6 9. b3 a6 10. Bb2 Rb8 11. Qe2 b5 12. Rad1 Qc7 13. Kh1 Re8 14. Rd2 Bf8 15. d5 b4 16. Nd1 Nc5 17. Ng1 cxd5 18. exd5 a5 19. Re1 Ba6 20. Qf3 Qd8 21. h4 g6 22. Nh3 Bg7 23. Ne3 Nfe4 24. Rdd1 f5 25. Bf1 Bb7 26. Qg2 Qc7 27. Bc4 Re7 28. g4 f4 29. Nf1 Nf6 30. Nd2 Rf8 31. f3 Kh8 32. Ng5 Nxd5 33. Bxd5 Bxd5 34. Nde4 Bxe4 35. Nxe4 Nxe4 36. Rxe4 Rc8 37. Rc4 Qb7 38. Rxc8+ Qxc8 39. Rxd6 e4 40. Qd2 Qf8 41. Rd8 Re8 42. Bxg7+ Kxg7 43. Qd4+ Kf7 44. Qd5+ Kg7 45. Qd4+ Kg8 46. Rxe8 Qxe8 47. Qxe4 Qxe4 48. fxe4 h6 49. g5 hxg5 50. hxg5 Kf7 51. Kg2 Ke6 52. Kf2 Kd6 53. Ke2 Ke6 54. Kf2 Kd6 55. Ke2 Ke6 56. Kf2 1/2-1/2

[Event "SUI-chT"]
[Site "Switzerland"]
[Date "2010.06.13"]
[Round "4.8"]
[White "Friedrich, Norbert"]
[Black "Maeser, Fabian"]
[Result "1/2-1/2"]
[WhiteElo "2300"]
[BlackElo "2307"]
[PlyCount "60"]
[EventDate "2010.02.14"]
[EventType "team-tourn"]
[EventRounds "9"]
[EventCountry "SUI"]
[SourceTitle "EXT 2011"]
[Source "ChessBase"]
[SourceDate "2010.11.26"]
[SourceVersion "1"]
[SourceVersionDate "2010.11.26"]
[SourceQuality "1"]
[WhiteTeam "Zuerich"]
[BlackTeam "Wollishofen"]
[WhiteTeamCountry "SUI"]
[BlackTeamCountry "SUI"]

1. e4 d5 2. exd5 Qxd5 3. Nc3 Qa5 4. Nf3 Nf6 5. d4 c6 6. Bc4 Bf5 7. Bd2 e6 8. Nd5 Qd8 9. Nxf6+ gxf6 10. Bb3 Nd7 11. Qe2 Qc7 12. Nh4 Bg6 13. 0-0-0 0-0-0 14. g3 Bd6 15. Nxg6 hxg6 16. h4 f5 17. Bg5 Rde8 18. h5 gxh5 19. Rxh5 Be7 20. Bxe7 Rxh5 21. Qxh5 Rxe7 22. Rh1 b5 23. Qg5 Nb6 24. Rh8+ Kb7 25. c3 Rd7 26. Qe3 Qd6 27. Rh4 Rd8 28. Rh7 Rd7 29. Rh4 Rd8 30. Rh7 Rd7 1/2-1/2

[Event "SUI-chT"]
[Site "Switzerland"]
[Date "2010.03.21"]
[Round "2.7"]
[White "Fischer, Lukas"]
[Black "Maeser, Fabian"]
[Result "0-1"]
[WhiteElo "2128"]
[BlackElo "2307"]
[PlyCount "96"]
[EventDate "2010.02.14"]
[EventType "team-tourn"]
[EventRounds "9"]
[EventCountry "SUI"]
[SourceTitle "EXT 2011"]
[Source "ChessBase"]
[SourceDate "2010.11.26"]
[SourceVersion "1"]
[SourceVersionDate "2010.11.26"]
[SourceQuality "1"]
[WhiteTeam "Tribschen"]
[BlackTeam "Wollishofen"]
[WhiteTeamCountry "SUI"]
[BlackTeamCountry "SUI"]

1. c4 e5 2. g3 Nf6 3. Bg2 h6 4. Nc3 Bb4 5. Nd5 Nxd5 6. cxd5 0-0 7. Nf3 Re8 8. 0-0 c6 9. a3 Bf8 10. e4 cxd5 11. exd5 d6 12. h3 Nd7 13. d4 e4 14. Nd2 Nf6 15. g4 Qb6 16. Nc4 Qb5 17. Ne3 Nxd5 18. Nxd5 Qxd5 19. f3 f5 20. Be3 Bd7 21. Qd2 Rac8 22. fxe4 fxe4 23. Rf4 g5 24. Rf2 Bg7 25. Raf1 Rf8 26. Rxf8+ Rxf8 27. Qc2 Bc6 28. Rxf8+ Kxf8 29. Qf2+ Qf7 30. Qc2 Qd5 31. h4 gxh4 32. Qf2+ Ke8 33. Qxh4 Bxd4 34. Qxh6 Bxe3+ 35. Qxe3 Qd1+ 36. Kh2 Qxg4 37. Qh6 Ke7 38. Bh3 Qe2+ 39. Kg1 Qe1+ 40. Kh2 Qf2+ 41. Bg2 Qf6 42. Qh7+ Kd8 43. b4 Qe7 44. Qg8+ Kc7 45. Qc4 Qe5+ 46. Kg1 e3 47. Bxc6 bxc6 48. Qf7+ Kb6 0-1

[Event "SUI-chT"]
[Site "Switzerland"]
[Date "2009.02.22"]
[Round "1.6"]
[White "Maeser, Fabian"]
[Black "Vogt, Lothar"]
[Result "1/2-1/2"]
[WhiteElo "2303"]
[BlackElo "2458"]
[PlyCount "42"]
[EventDate "2009.02.22"]
[EventType "team-tourn"]
[EventRounds "9"]
[EventCountry "SUI"]
[SourceTitle "EXT 2011"]
[Source "ChessBase"]
[SourceDate "2010.11.26"]
[SourceVersion "1"]
[SourceVersionDate "2010.11.26"]
[SourceQuality "1"]
[WhiteTeam "Wollishofen"]
[BlackTeam "Zuerich"]
[WhiteTeamCountry "SUI"]
[BlackTeamCountry "SUI"]

1. e4 c5 2. Nf3 e6 3. c3 d5 4. exd5 Qxd5 5. d4 Nf6 6. Be3 cxd4 7. cxd4 Nc6 8. Nc3 Qd6 9. a3 g6 10. Qd2 Bg7 11. Bf4 Qd7 12. Bb5 0-0 13. Ne5 Qe8 14. Bxc6 bxc6 15. 0-0 Nd5 16. Bh6 Bxh6 17. Qxh6 f6 18. Nd3 Nxc3 19. bxc3 Ba6 20. Rfd1 Bxd3 21. Rxd3 Rf7 1/2-1/2

[Event "SUI-chT"]
[Site "Switzerland"]
[Date "2008.09.20"]
[Round "8.7"]
[White "Seps, Monika"]
[Black "Maeser, Fabian"]
[Result "1-0"]
[WhiteElo "2242"]
[BlackElo "2309"]
[PlyCount "67"]
[EventDate "2008.03.02"]
[EventType "team-tourn"]
[EventRounds "9"]
[EventCountry "SUI"]
[SourceTitle "EXT 2009"]
[Source "ChessBase"]
[SourceDate "2008.11.26"]
[SourceVersion "1"]
[SourceVersionDate "2008.11.26"]
[SourceQuality "1"]
[WhiteTeam "Luzern"]
[BlackTeam "Wollishofen"]
[WhiteTeamCountry "SUI"]
[BlackTeamCountry "SUI"]

1. e4 d5 2. exd5 Qxd5 3. Nc3 Qa5 4. d4 c6 5. Nf3 Nf6 6. Bc4 Bf5 7. Bd2 e6 8. Nd5 Qd8 9. Nxf6+ Qxf6 10. Qe2 Nd7 11. Bg5 Qg6 12. h4 h6 13. h5 Qh7 14. Bh4 Bxc2 15. 0-0 Qe4 16. Qd2 Nb6 17. Bxe6 fxe6 18. Rfe1 Qh7 19. Rxe6+ Kd7 20. Re2 Be4 21. Qf4 Bd6 22. Qf7+ Kc8 23. Qe6+ Kc7 24. Rxe4 Nd5 25. Rc1 Qg8 26. Qg6 Rf8 27. Ne5 Nf6 28. Re2 Nd5 29. Nc4 Bf4 30. Rce1 b5 31. Re7+ Nxe7 32. Rxe7+ Kb8 33. Qxc6 Qxc4 34. Qb7# 1-0

[Event "SUI-chT"]
[Site "Switzerland"]
[Date "2008.09.06"]
[Round "6.6"]
[White "Maeser, Fabian"]
[Black "Kappeler, Kaspar"]
[Result "1-0"]
[WhiteElo "2309"]
[BlackElo "2204"]
[PlyCount "69"]
[EventDate "2008.03.02"]
[EventType "team-tourn"]
[EventRounds "9"]
[EventCountry "SUI"]
[SourceTitle "EXT 2009"]
[Source "ChessBase"]
[SourceDate "2008.11.26"]
[SourceVersion "1"]
[SourceVersionDate "2008.11.26"]
[SourceQuality "1"]
[WhiteTeam "Wollishofen"]
[BlackTeam "Bern"]
[WhiteTeamCountry "SUI"]
[BlackTeamCountry "SUI"]

1. e4 c5 2. Nf3 e6 3. c3 d5 4. exd5 exd5 5. d4 Nf6 6. Bg5 cxd4 7. Nxd4 Be7 8. Nd2 0-0 9. Be2 Nc6 10. N2b3 Ne5 11. 0-0 a6 12. Re1 h6 13. Bh4 Ng6 14. Bg3 Ne4 15. Bd3 f5 16. Qh5 Rf6 17. f3 Nxg3 18. hxg3 Nh8 19. Re2 Bd7 20. Rae1 Bf8 21. Re5 Bd6 22. f4 Bxe5 23. fxe5 Be8 24. Qf3 Rb6 25. Nxf5 Nf7 26. Nbd4 Rxb2 27. Rf1 Bb5 28. Bxb5 Ng5 29. Qh5 axb5 30. Qg6 Qc7 31. Nxh6+ Kh8 32. Qxg5 Qxc3 33. Ne6 Rxg2+ 34. Kxg2 Qc2+ 35. Kg1 1-0

[Event "SUI-chT"]
[Site "Switzerland"]
[Date "2008.04.20"]
[Round "3.8"]
[White "Maeser, Fabian"]
[Black "Boschetti, Claudio"]
[Result "1-0"]
[WhiteElo "2309"]
[BlackElo "2142"]
[PlyCount "91"]
[EventDate "2008.03.02"]
[EventType "team-tourn"]
[EventRounds "9"]
[EventCountry "SUI"]
[SourceTitle "CBM 123 Extra"]
[Source "ChessBase"]
[SourceDate "2008.05.06"]
[SourceVersion "1"]
[SourceVersionDate "2008.05.06"]
[SourceQuality "1"]
[WhiteTeam "Wollishofen"]
[BlackTeam "Mendrisio"]
[WhiteTeamCountry "SUI"]
[BlackTeamCountry "SUI"]

1. e4 e5 2. Nc3 Nf6 3. Nf3 Nc6 4. Bb5 Bc5 5. 0-0 d6 6. d4 exd4 7. Nxd4 Bd7 8. Nf5 0-0 9. Bxc6 bxc6 10. Qf3 Bxf5 11. Qxf5 Nd7 12. Bg5 Qc8 13. Rad1 Re8 14. Kh1 Nf8 15. Qxc8 Raxc8 16. f3 Ne6 17. Bc1 Bd4 18. Ne2 c5 19. Nxd4 Nxd4 20. Rf2 f6 21. b3 Rb8 22. Be3 Nc6 23. g4 a5 24. Bc1 a4 25. g5 axb3 26. cxb3 f5 27. exf5 Rf8 28. f6 gxf6 29. Rg2 f5 30. g6 hxg6 31. Rxg6+ Kf7 32. Rdg1 Rg8 33. Rxg8 Rxg8 34. Rxg8 Kxg8 35. Kg2 Kf7 36. Bd2 d5 37. a4 d4 38. a5 Ke6 39. h4 Kd6 40. h5 Ke6 41. a6 Na7 42. Kg3 Kf6 43. Kf4 Nc8 44. Ba5 d3 45. Bc3+ Ke6 46. Ke3 1-0